000 00841nam a2200229Ia 4500
001 18864
003 GE_BSU
008 181216s||||||||xx |||||||||||||| ||und||
040 _cGE_BSU
245 _aკარიბჭე №17(312) 25აგვისტო-7სექტემბერი. 2016
245 _bმართლმადიდებლური ჟურნალი.
245 _cმთავარი რედაქტორი: თამარ მამაცაშვილი.
260 _aთბილისი
260 _bსტამბა კოლორი
260 _c2016
300 _a62გვ.28სმ.
653 _aკარიბჭე.
653 _aპერიოდიკა
653 _aრელიგია
653 _aსაეკლესიო ჟურნალი
942 _cCR
999 _c51866
_d51866